Get the Picture: Big 4 'F' All-Stars Quiz Stats

 Plays Quiz Updated Aug 16, 2019

Score 0/12 Timer 01:30
4 Plays Today
Question Answer Wrong Answers
Brett Favre NFL
87.5%
MLB
4.5%
NBA
1.7%
NHL
2.7%
Sergei Fedorov NHL
86.5%
MLB
5.1%
NBA
3.1%
NFL
1.5%
Theoren Fleury NHL
82%
MLB
6.1%
NBA
4.1%
NFL
3.3%
Walt Frazier NBA
81.4%
MLB
6.8%
NFL
4.9%
NHL
3.3%
Carlton Fisk MLB
80%
NBA
5.5%
NFL
5.1%
NHL
5.3%
Peter Forsberg NHL
75.4%
MLB
9.1%
NBA
5.8%
NFL
4.9%
Larry Fitzgerald NFL
73.1%
MLB
8%
NBA
12.2%
NHL
2.9%
Jimmie Foxx MLB
72%
NBA
12.5%
NFL
7.9%
NHL
3.2%
Nellie Fox MLB
67.4%
NBA
13.3%
NFL
8%
NHL
7.3%
Steve Francis NBA
63.8%
MLB
11.5%
NFL
8.8%
NHL
11.7%
William Fuller NFL
49.2%
MLB
19.2%
NBA
16%
NHL
11.1%
Joe Fulks NBA
29%
MLB
22.2%
NFL
24.3%
NHL
20.3%

Today's Daily Dose

Missing Word
Banned Books (A-Z)

Word Ladder
Janis Joplin

Get the Picture
Occupations

You're not logged in!

Compare scores with friends on all Sporcle quizzes.
OR
Log In

Sporcle TV

Today on Sporcle TV


Watch our educational content, quiz creation guides, and fun videos on Sporcle TV.

Show Comments

Extras

Top Quizzes Today


Score Distribution

Your Account Isn't Verified!

In order to create a playlist on Sporcle, you need to verify the email address you used during registration. Go to your Sporcle Settings to finish the process.

Report this User

Report this user for behavior that violates our Community Guidelines.

Details: